Japan Dirt Derby Winning Horse - Statistics

General Stats
  • This quiz has been taken 2 times
  • The average score is 11 of 25
Answer Stats
Answer % Correct
Furioso フリオーソ
100%
Gold Allure ゴールドアリュール
100%
Toshin Blizzard トーシンブリザード
100%
Big Wolf ビッグウルフ
50%
Cafe Olympus カフェオリンポス
50%
Chrysoberyl クリソベリル
50%
Chrysolite クリソライト
50%
Danon Pharaoh ダノンファラオ
50%
Friendship フレンドシップ
50%
Grape Brandy グレープブランデー
50%
Higashi Will Win ヒガシウィルウィン
50%
Kane Hekili カネヒキリ
50%
Le Vent Se Leve ルヴァンスレーヴ
50%
Meiner Combat マイネルコンバット
50%
Mick Fire ミックファイア
50%
Nonkono Yume ノンコノユメ
50%
Notturno ノットゥルノ
50%
Orion The Thanks オリオンザサンクス
50%
Success Brocken サクセスブロッケン
50%
Castle Top キャッスルトップ
0%
Hatano Vainqueur ハタノヴァンクール
0%
Kazenoko カゼノコ
0%
Kyoei Gere キョウエイギア
0%
Magnifica マグニフィカ
0%
Testa Matta テスタマッタ
0%
No matching quizzes found
Score Distribution
Percent of People with Each Score
Percentile by Number Answered
Your Score History
You have not taken this quiz